Tribhuvan University Central Library

Stating behavioural objectives for classroom instruction (Record no. 58018)

MARC details
000 -LEADER
fixed length control field 00468 a2200181 4500
041 ## - LANGUAGE CODE
Language code of text/sound track or separate title Eng
082 ## - DEWEY DECIMAL CLASSIFICATION NUMBER
Classification number 370.75
Item number G898s
100 ## - MAIN ENTRY--PERSONAL NAME
Personal name Gronlund, Norman E.
9 (RLIN) 17664
245 ## - TITLE STATEMENT
Title Stating behavioural objectives for classroom instruction
260 ## - PUBLICATION, DISTRIBUTION, ETC.
Place of publication, distribution, etc. London
Name of publisher, distributor, etc. Macmillan
Date of publication, distribution, etc. c1970
300 ## - PHYSICAL DESCRIPTION
Extent vi, 58p. illus.
650 ## - SUBJECT ADDED ENTRY--TOPICAL TERM
Topical term or geographic name entry element Educational psychology
9 (RLIN) 999
650 ## - SUBJECT ADDED ENTRY--TOPICAL TERM
Topical term or geographic name entry element Classrooms
9 (RLIN) 17382
653 ## - INDEX TERM--UNCONTROLLED
Uncontrolled term Education
942 ## - ADDED ENTRY ELEMENTS (KOHA)
Source of classification or shelving scheme Dewey Decimal Classification
Koha item type General Collections
518 ## - DATE/TIME AND PLACE OF AN EVENT NOTE
-- 2011-02-16
530 ## - ADDITIONAL PHYSICAL FORM AVAILABLE NOTE
-- M

No items available.